000
00312nam a22001337a 4500
008
180910b xxu||||| |||| 00| 0 eng d
020
_a
9780201493535
041
_a
eng
080
_a
311
100
_a
55
101
_a
STA
245
_a
Investigating Probality And Statistics
_c
Jones.G.A
942
_2
udc
_c
BK
999
_c
47629
_d
47629